=LDR 00000nam 2200000 4500 =001 INLIS000000000031646 =005 20130612133716 =008 ***********************************Ind** =035 ##$$0010-061300000031646 =041 ##$$a Ind =082 ##$$a 028.5 =090 ##$$a 028.5, Tur k =100 ##$$a Turyana, Asep T =245 ##$$a Kelahiran yang agung , the great birth, Asep T Turyana =260 ##$$a 2007 $b Bandung =300 ##$$a 23 hlm, ilus, 15 cm =650 ##$$a Bacaan anak-anak =850 ##$$a NBPNMAT